| 000 | 00000nam 2200000zi 4500 |
| 001 | 9.935561 |
| 003 | CaOODSP |
| 005 | 20250131131452 |
| 006 | m o d f |
| 007 | cr mn||||||||| |
| 008 | 240318t20242024quca o f000 0 fre d |
| 020 | |a9780660708713 |
| 040 | |aCaOODSP|bfre|erda|cCaOODSP |
| 043 | |an-cn-qu |
| 086 | 1 |aFo113-1/133-2024F-PDF |
| 245 | 00|aVulnérabilité des forêts aux changements climatiques : |bune analyse régionale intégrée au Québec. |
| 264 | 1|a[Québec] : |bRessources naturelles Canada = Natural Resources Canada, |c2024. |
| 264 | 4|c©2024 |
| 300 | |a1 ressource en ligne (2 pages non numérotées) : |billustrations en couleur. |
| 336 | |atexte|btxt|2rdacontent/fre |
| 337 | |ainformatique|bc|2rdamedia/fre |
| 338 | |aressource en ligne|bcr|2rdacarrier/fre |
| 490 | 1 |aL'éclaircie du Service canadien des forêts - Centre de foresterie des Laurentides, |y1705-5806 ; |v133 |
| 500 | |aPublié aussi en anglais sous le titre : Forest vulnerability to climate change: an integrated regional analysis for Quebec. |
| 500 | |aL'ISSN de la collection devrait être 1705-5814. |
| 650 | 6|aForêts|xFacteurs climatiques|zQuébec (Province) |
| 710 | 2 |aCentre de foresterie des Laurentides, |eorganisme de publication. |
| 775 | 08|tForest vulnerability to climate change : |w(CaOODSP)9.935559 |
| 776 | 0#|tVulnérabilité des forêts aux changements climatiques : |w(CaOODSP)9.935562 |
| 830 | #0|aL'éclaircie du Service canadien des forêts, Centre de foresterie des Laurentides ;|v133.|w(CaOODSP)9.501099 |
| 856 | 40|qPDF|s3.56 Mo|uhttps://publications.gc.ca/collections/collection_2024/rncan-nrcan/Fo113-1-133-2024-fra.pdf |